000 00667nam a2200229 a 4500
001 BRL_1364
005 20190320211152.0
008 090114s19uu----mx-ab#####---#000-0#spa-#
041 _aspa
044 _amx
050 4 _aGT625
_b.C68 1900
100 1 _aCovarruvias, Luis
_926656
245 1 0 _aTrajes regionales de México
_cOriginales y textos de Luis Covarrubias.
260 _aMéxico
_b[Fischgrund]
_c[19--]
300 _a[33] p.
_bil., mapas
_c26 cm.
500 _aAu1557
650 1 4 _aIndumentaria
_zMéxico
_9808
650 1 4 _aPrendas de vestir
_zMéxico
_924774
650 1 4 _aIndígenas de México
_xRopa
_zMéxico
_926657
902 _aGRL
942 _2lcc
_cB
999 _c10176
_d10176